Big money /

Bibliographic Details
Main Author: Wodehouse, P. G. (Pelham Grenville), 1881-1975
Format: Book
Language:English
Published: London : Herbert Jenkins Ltd., 1931.

MARC

Tag First Indicator Second Indicator Subfields
LEADER 00000cam a2200000 i 4500
001 in00000774331
005 20151017064037.0
008 780322s1931 enk 00011 eng d
035 |a (OCoLC)03738213 
035 |9 ADN3391AM 
040 |a KKU  |c KKU  |d OCL  |d TXA  |d UtOrBLW 
090 |a PR6045.O53  |b B535 1931 
100 1 |a Wodehouse, P. G.  |q (Pelham Grenville),  |d 1881-1975. 
245 1 0 |a Big money /  |c by P.G. Wodehouse. 
264 1 |a London :  |b Herbert Jenkins Ltd.,  |c 1931. 
300 |a 314 pages ;  |c 20 cm. 
336 |a text  |b txt  |2 rdacontent 
337 |a unmediated  |b n  |2 rdamedia 
338 |a volume  |b nc  |2 rdacarrier 
999 |a MARS 
999 f f |s 7ad43aab-5aac-3892-b108-3553676c9582  |i 3ebbcf7c-2164-3cd1-81a1-12e568048ffb  |t 0 
952 f f |p noncirc  |a Texas A&M University  |b College Station  |c Cushing Memorial Library & Archives  |d Cushing: Literature/Wodehouse (Does not check out)  |t 0  |e PR6045.O53 B535 1931  |h Library of Congress classification  |i unmediated -- volume 
952 f f |p noncirc  |a Texas A&M University  |b College Station  |c Cushing Memorial Library & Archives  |d Cushing: Literature/Wodehouse (Does not check out)  |t 0  |e PR6045.O53 B535 1931  |h Library of Congress classification  |i unmediated -- volume 
998 f f |a PR6045.O53 B535 1931  |t 0  |l Cushing: Literature/Wodehouse (Does not check out) 
998 f f |a PR6045.O53 B535 1931  |t 0  |l Cushing: Literature/Wodehouse (Does not check out)